SAT Vocabulary Words Starting With C - Statistics

General Stats
  • This quiz has been taken 19,236 times
  • The average score is 12 of 15
Answer Stats
Question Answer % Correct
Calamity (noun) A disaster
96%
Concise (adjective) Brief but comprehensive
95%
Concurrent (adjective) Happening at the same time
95%
Cynic (noun) One who distrusts the motivations of others
93%
Colloquial (adjective) Related to informal, everyday speech
91%
Candid (adjective) Honest; frank
90%
Cede (verb) To yield or surrender something
90%
Clemency (noun) Leniency or mercy in judgement
84%
Catharsis (noun) A dramatic release of emotional tension
81%
Castigate (verb) To reprimand severely
74%
Capitulate (verb) To surrender
68%
Capricious (adjective) Impulsive and unpredictable
67%
Calumny (noun) A slanderous accusation
64%
Craven (adjective) Cowardly
50%
Callow (adjective) Lacking in experience
41%
No matching quizzes found
Score Distribution
Percent of People with Each Score
Percentile by Number Answered
Your Score History
You have not taken this quiz